000 00275nam a22001217a 4500
008 181030b xxu||||| |||| 00| 0 eng d
041 _aeng
080 _a610.73
100 _a2
101 _aINF
245 _aThe Nurse and Orthopedic Surgery
_cBrantley.P
942 _2udc
_cBK
999 _c51140
_d51140